01578nam a22001817a 4500003001000000005001700010008004100027040001400068041000700082100002300089245004700112260003800159300001200197500006800209520108800277650002001365654001101385IT-MiCISF20170403165520.0170403b xxu||||| |||| 00| 0 eng d cIT-MiCISF ait aTaurino Alessandro aDue papà due mammebSfatare i pregiudizi aMolfetta (BA)bLa Meridianac2016 app. 215 agenitorialità, omosessualità, cura, rapporti-genitori-figli aDi genitorialità omosessuale attualmente si parla tantissimo, ma se ne parla molto spesso attraverso prospettive inquinate in partenza, da cui si fanno discendere o derivare concezioni che rinforzano o confermano visioni distorte. Se la genitorialità è una dimensione che implica il rimando a precise competenze, che in linea generale ineriscono la dimensione della cura, secondo quali criteri è possibile pensare che le persone omosessuali possano non avere o non abbiano tale competenza? Perché a livello sociale e culturale sembra persistere e resistere una visione di omogenitorialità come contesto disadattivo e deviante per la crescita dei bambini e delle bambine? Lo scopo di questo volume è quello di inaugurare nuovi saperi che diano adito a nuove forme di potere. Un potere non legato all'esercizio della forza, al predominio, al controllo, alla coercizione, ma il potere positivo della relazione, dell'incontro, dell'ampliamento degli orizzonti di senso, della destrutturazione del pregiudizio, della discriminazione, della stigmatizzazione, dell'esclusione. agenitorialità asaggio